Artes marciales país de origen - Estadísticas

Estadísticas generales
  • Esta prueba ha sido intentada 105 veces
  • La puntuación promedio es 8 de 13
Estadísticas de respuestas
Hint Respuesta % Correcto
Karate Japon
100%
Capoeira Brasil
99%
Kung Fu China
99%
Taekwondo Corea
96%
Muay Thai Tailandia
95%
Kickboxing Estados Unidos
92%
Sambo Rusia
80%
Boxeo Inglaterra
52%
Krav Maga Israel
46%
Savate Francia
43%
Lethwei Birmania
23%
Tah Tib Egipto
11%
Lamb Senegal
11%
No se encontraron pruebas coincidentes
Distribución de puntuación
Porcentaje de gente con cada puntuación
Porcentaje por número respondido
Historial de tus puntuaciones
No has intentado esta prueba.